| 000 | 01028nam a22002297a 4500 | ||
|---|---|---|---|
| 999 |
_c3924 _d3924 |
||
| 003 | AR-CdUCM | ||
| 008 | 190307b ||||| |||| 00| 0 eng d | ||
| 040 |
_aMUNICIPALIDAD PROVINCIAL DEL CUSCO _cBIBLIOTECA MUNICIPAL DEL CUSCO |
||
| 082 |
_a371 / _bSH47 |
||
| 100 |
_aShockley, Robert J. _912574 |
||
| 245 |
_aLas tareas para casa como medios de enseñanza : _bextensión de las actividades de la clase mediante estudios en casa orientados por el maestro / |
||
| 260 |
_aMéxico : _bU.T.E.H.A., _c1968. |
||
| 300 |
_aVIII , 102 páginas ; _c17.5 cm. |
||
| 440 |
_aManual U.T.E.H.A breve _n380 - educación _912575 |
||
| 505 | _aContenido: La escuela elemental -- Alumnos, padres y maestros -- Adaptación del trabajo escolar al estudiante, a clase y a la materia -- ¿Cuánta tarea para casa? -- Diagnóstico diario ... | ||
| 650 |
_aTareas escolares _912576 |
||
| 650 |
_aEscuela primaria - secundaria _912577 |
||
| 650 |
_aAlumnos _912578 |
||
| 700 |
_aAgut Armer (traductor) _912579 |
||
| 942 |
_2ddc _cLIBROS |
||
| 945 | _aafb | ||